000 00562cam a22002053a 4500
001 44529
003 PGUSA
005 20140828084021.0
008 131227s2013||||xxu|||||s|||||000 | eng d
040 _aPGUSA
_beng
042 _adc
100 1 _aEspina, Concha,
_d1869-1955
245 1 0 _aDulce Nombre
_h[electronic resource] /
_cConcha Espina
260 _bProject Gutenberg,
_c2013
506 _aPublic domain in the USA.
516 _aElectronic text
830 0 _aProject Gutenberg
_v44529
856 4 0 _uhttp://www.gutenberg.org/ebooks/44529
942 _cEB
999 _c273780
_d273780